| 000 | 02204nam a2200349 a 4500 | ||
|---|---|---|---|
| 001 | 000043525 | ||
| 005 | 20260428073714.0 | ||
| 008 | 140324s2009 dr 000 0 spa d | ||
| 020 | _a97899454124352 | ||
| 040 |
_aDO-SdBNP _bspa _cBNPHU |
||
| 082 |
_a070.44 _bP925p, 2008 |
||
| 111 | 2 |
_aPremios de Funglode de periodismo _d(2008 : _cSanto Domingo) _971263 |
|
| 245 | 1 | 0 | _aPremio de periodismo Rafael Herrera . |
| 260 |
_aSanto Domingo : _bFUNGLODE, _c2009. |
||
| 300 |
_a68 p. ; _c26 cm. |
||
| 490 | 1 |
_aPremios Funglode/GFDD 2008 _aperiodismo _v4 |
|
| 505 | 0 |
_gprimer lugar _tSerie desarrollo humano/ _rRiamny María Méndez Féliz, Linda Valdez Zambrano -- _gSegundo lugar-- _tNiñas se exponen viendo flores de noche / _rArlenes Reyes Sánchez _gTercer lugar _tLa violencia doméstica no tiene clase social / _rGrisbel Médina Rodríguez -- _gPrimera mensión -- _tLas naciones sociedades de intereses y miedos / _rLery Laura Piña -- _gSegunda Mensión _tEn los bateyes todavía la gente se muere de misterios / _rLery Laura Piña-- _gTercera Mensión _tEstudiantes universitario : los héroes de todos los días / _rRainier A. Maldonado Tapia, Jhonatan Manuel Liriano Lizardo. |
|
| 650 | 4 |
_aPeriodismo _zRepública Dominicana _936 |
|
| 650 | 0 |
_aLiteratura dominicana. _967 |
|
| 650 | 4 |
_aCertámenes literarios _91541 |
|
| 650 | 0 |
_aPremios literarios _91542 |
|
| 700 | 1 | 2 |
_aMéndez Féliz, Riamny María _tSerie Desarrollo humano _971264 |
| 700 | 1 | 2 |
_aReyes Sánchez, Arlenes _tSerie Niñas se exponen viendo flores de noche _971265 |
| 700 | 1 | 2 |
_aMédina Rodríguez, Grisbel _tLa violencia doméstica no tiene clase social _971266 |
| 700 | 1 | 2 |
_aPiña, Ley Laura _tLas naciones sociedades de intereses y miedos _971267 |
| 700 | 1 | 2 |
_aPiña, Ley Laura _tEn los bateyes todavía la gente se muere de misterios _971268 |
| 700 | 1 | 2 |
_aLiriano Lizardo, Jhonatan Manuel _tEstudiantes universitario : los héroes de todos los días _971269 |
| 700 | 1 | 2 |
_aMaldonado Tapia, Rainier A. _tEstudiantes universitario : los héroes de todos los días _971270 |
| 710 | 2 | 2 |
_aFundación Global Democracía y Desarrollo _925477 |
| 830 | 0 |
_aPremios Funglode/GFDD 2008 _pPreriodismo _n4 _971271 |
|
| 910 | _aValidado. Control de calidad MFF | ||
| 999 |
_c43014 _d43014 |
||